00566cam a22002051 45000010008000000030006000080050017000140080041000310100017000720350019000890400024001080500018001320820013001501000041001632450051002042600039002553000018002946500027003126500021003399362577GBCCL20241126110553.0770624s1960 xx 000 0 eng  a 60012070  a(OCoLC)3068391 aDLCcOCdOCoLCdDLC00aBX8333.C5bC7 a252bCHA1 aChappell, Clovis Gillhamd1882-1972.14aThe cross before Calvary /cClovis G. Chappell aNew York:bAbingdon Press,c[1960] a62 p.c19 cm. 0aSermonsy20th century. 0aMethodist Church